Normal view
MARC view
- الطب في القران - العلاج الديني -الاسلام والطب -الطب النبوي
Entry Topical Term
001 - CONTROL NUMBER
- control field: 16030
003 - CONTROL NUMBER IDENTIFIER
- control field: JO-AjAnu
005 - DATE AND TIME OF LATEST TRANSACTION
- control field: 20230606072845.0
008 - FIXED-LENGTH DATA ELEMENTS
- fixed length control field: 230606|| aca||aabn | a|a d
040 ## - CATALOGING SOURCE
- Original cataloging agency: JO-AjAnu
- Transcribing agency: JO-AjAnu
150 ## - HEADING--TOPICAL TERM
- Topical term or geographic name entry element: الطب في القران - العلاج الديني -الاسلام والطب -الطب النبوي
670 ## - SOURCE DATA FOUND
- Source citation: Work cat.: (JO-AjAnu)8229: عبدالله، محمد محمود, author 16029, الطب القراآني بين الغذاء والدواء